| 000 | 00000nam##2200000za#4500 |
| 001 | 9.696818 |
| 003 | CaOODSP |
| 005 | 20210624235214 |
| 007 | cr ||||||||||| |
| 008 | 150407|1996||||xxc|||||o f|0| 0 eng|d |
| 040 | |aCaOODSP|beng |
| 043 | |an-cn--- |
| 086 | 1 |aE97-48/1996E-PDF |
| 110 | 1 |aCanada.|bInternational Development Research Centre. |
| 245 | 10|aInformation and telecommunication technologies : |h[electronic resource]|bthe impact of their adoption on small and medium-sized enterprises / |c[by] Élisabeth Lefebvre and Louis A. Lefebvre. |
| 260 | |aOttawa - Ontario : |bInternational Development Research Centre |cSeptember 1996. |
| 300 | |a134p.|bfigs., graphs, references, tables |
| 590 | |a12-41-Supp|b2012-11-07 |
| 690 | 07|aBusinesses|2gcpds |
| 690 | 07|aInformation technology|2gcpds |
| 720 | 1 |aLefebvre, Élisabeth |
| 720 | 1 |aLefebvre, Louis A. |
| 856 | 40|ahttp://publications.gc.ca|qPDF|s2.04 MB|uhttps://publications.gc.ca/collections/collection_2012/crdi-idrc/E97-48-1996-eng.pdf |